人口10万人以上の都市 - Statistics

General Stats
  • This quiz has been taken 17 times
  • The average score is 202 of 254
Answer Stats
人口 都市名 % Correct
3,772,267 横浜市
100%
2,816,247 大阪市
100%
2,338,873 名古屋市
100%
1,967,323 札幌市
100%
1,670,636 福岡市
100%
1,558,559 川崎市
100%
1,486,038 神戸市
100%
1,433,071 京都市
100%
1,356,136 さいたま市
100%
1,174,357 広島市
100%
1,094,799 仙台市
100%
987,361 千葉市
100%
900,111 北九州市
100%
769,411 浜松市
100%
735,455 熊本市
100%
721,801 相模原市
100%
709,799 岡山市
100%
666,764 静岡市
100%
579,202 鹿児島市
100%
576,747 八王子市
100%
516,529 姫路市
100%
502,554 市川市
100%
501,080 松戸市
100%
494,811 松山市
100%
468,938 大分市
100%
464,431 倉敷市
100%
407,174 高松市
100%
392,299 岐阜市
100%
391,237 宮崎市
100%
383,418 長崎市
100%
370,698 一宮市
100%
360,241 豊橋市
100%
324,954 前橋市
100%
316,298 郡山市
100%
313,576 いわき市
100%
310,371 旭川市
100%
309,972 高知市
100%
309,197 那覇市
100%
297,943 久留米市
100%
292,587 秋田市
100%
265,768 水戸市
100%
256,304 青森市
100%
252,733 福井市
100%
243,083 徳島市
100%
238,059 富士市
100%
232,050 函館市
100%
803,638 堺市
92%
760,085 新潟市
92%
651,220 船橋市
92%
511,106 宇都宮市
92%
454,163 金沢市
92%
446,209 福山市
92%
443,496 藤沢市
92%
438,039 柏市
92%
401,456 富山市
92%
398,162 豊中市
92%
396,375 吹田市
92%
379,751 岡崎市
92%
365,316 高崎市
92%
345,861 高槻市
92%
345,172 奈良市
92%
344,395 大津市
92%
306,536 明石市
92%
298,931 四日市市
92%
290,582 茨木市
92%
278,377 盛岡市
92%
268,906 福島市
92%
244,822 大和市
92%
237,800 山形市
92%
237,259 下関市
92%
235,639 松本市
92%
227,117 佐賀市
92%
221,312 太田市
92%
210,431 伊勢崎市
92%
198,842 東広島市
92%
195,516 松江市
92%
187,965 山口市
92%
186,487 立川市
92%
180,021 鳥取市
92%
160,431 帯広市
92%
159,014 都城市
92%
158,693 高岡市
92%
157,382 弘前市
92%
151,161 釧路市
92%
143,060 米子市
92%
136,881 木更津市
92%
121,288 尾道市
92%
109,493 会津若松市
92%
102,658 三島市
92%
595,396 川口市
85%
485,549 東大阪市
85%
454,737 尼崎市
85%
413,768 豊田市
85%
388,941 枚方市
85%
367,015 横須賀市
85%
358,783 長野市
85%
354,242 川越市
85%
341,549 和歌山市
85%
338,134 越谷市
85%
264,725 府中市
85%
264,400 津市
85%
263,044 つくば市
85%
261,143 市原市
85%
257,783 平塚市
85%
257,125 八尾市
85%
253,487 加古川市
85%
252,903 長岡市
85%
245,034 茅ヶ崎市
85%
226,803 佐世保市
85%
222,797 厚木市
85%
222,544 寝屋川市
85%
219,715 宝塚市
85%
215,044 流山市
85%
208,353 西東京市
85%
193,684 呉市
85%
185,005 甲府市
85%
184,944 小田原市
85%
183,308 豊川市
85%
169,840 出雲市
85%
165,955 小山市
85%
164,217 苫小牧市
85%
161,709 磐田市
85%
153,672 大垣市
85%
151,531 野田市
85%
149,257 草津市
85%
140,980 今治市
85%
134,296 桑名市
85%
129,532 石巻市
85%
120,692 霧島市
85%
119,798 岩国市
85%
116,379 八代市
85%
115,876 伊勢市
85%
111,840 廿日市市
85%
111,659 彦根市
85%
110,830 佐野市
85%
104,425 奥州市
85%
103,914 三田市
85%
102,181 大牟田市
85%
481,234 西宮市
77%
432,409 町田市
77%
340,762 所沢市
77%
302,786 春日井市
77%
210,178 八戸市
77%
176,959 上越市
77%
153,986 宇部市
77%
141,665 土浦市
77%
141,451 海老名市
77%
141,409 沖縄市
77%
134,316 成田市
77%
130,390 我孫子市
77%
129,666 周南市
77%
113,110 鶴岡市
77%
112,215 掛川市
77%
111,388 別府市
77%
110,029 唐津市
77%
108,468 北見市
77%
107,492 丸亀市
77%
104,116 池田市
77%
101,185 小樽市
77%
250,547 草加市
69%
245,875 調布市
69%
228,405 上尾市
69%
225,190 春日部市
69%
205,995 八千代市
69%
196,482 三鷹市
69%
194,966 伊丹市
69%
189,595 鈴鹿市
69%
179,866 沼津市
69%
172,949 浦安市
69%
160,211 日立市
69%
152,377 東村山市
69%
151,703 松阪市
69%
150,683 武蔵野市
69%
149,227 上田市
69%
148,789 栃木市
69%
148,714 久喜市
69%
148,191 川西市
69%
146,720 多摩市
69%
140,996 各務原市
69%
140,122 守口市
69%
138,697 箕面市
69%
138,694 深谷市
69%
136,919 足利市
69%
130,355 諫早市
69%
129,922 青梅市
69%
127,471 うるま市
69%
122,300 飯塚市
69%
119,458 大崎市
69%
114,659 東久留米市
69%
112,339 東海市
69%
109,434 新居浜市
69%
109,368 延岡市
69%
109,024 白山市
69%
105,140 羽曳野市
69%
103,479 富田林市
69%
103,282 取手市
69%
101,893 一関市
69%
101,064 多治見市
69%
100,621 伊勢原市
69%
192,585 日野市
62%
188,896 熊谷市
62%
183,409 岸和田市
62%
180,701 和泉市
62%
175,965 習志野市
62%
172,931 宇治市
62%
166,726 西尾市
62%
152,136 ひたちなか市
62%
144,853 小牧市
62%
142,650 戸田市
62%
141,289 三郷市
62%
140,814 入間市
62%
136,386 古河市
62%
136,078 藤枝市
62%
132,928 国分寺市
62%
130,867 稲沢市
62%
128,458 小金井市
62%
124,098 瀬戸市
62%
122,668 富士宮市
62%
117,710 橿原市
62%
116,488 鴻巣市
62%
114,887 大東市
62%
114,389 門真市
62%
113,968 生駒市
62%
110,086 防府市
62%
110,079 鎌ケ谷市
62%
103,332 小松市
62%
185,460 安城市
54%
169,530 鎌倉市
54%
163,529 佐倉市
54%
159,946 秦野市
54%
153,895 刈谷市
54%
146,099 狭山市
54%
132,134 焼津市
54%
131,890 座間市
54%
119,049 江別市
54%
116,285 昭島市
54%
114,554 松原市
54%
113,750 半田市
54%
113,471 ふじみ野市
54%
113,405 富士見市
54%
110,589 加須市
54%
109,430 春日市
54%
109,254 印西市
54%
107,993 長浜市
54%
166,149 新座市
46%
115,621 浦添市
46%
112,996 那須塩原市
46%
110,064 東近江市
46%
100,158 宜野湾市
46%
200,849 小平市
38%
144,556 朝霞市
38%
105,194 筑紫野市
38%
104,242 大野城市
38%
100,413 糸島市
38%
No matching quizzes found
Score Distribution
Percent of People with Each Score
Percentile by Number Answered
Your Score History
You have not taken this quiz